[Event "Wch Seniors 65 25th"]
[Site "Acqui Terme"]
[Date "2015.11.11"]
[Round "2"]
[White "Bogdanov, Valentin"]
[Black "Zhelesny, Stanislav"]
[Result "1/2-1/2"]
[WhiteElo "2374"]
[BlackElo "2096"]
[PlyCount "60"]
[EventDate "2015.11.10"]
[EventType "swiss"]
[EventRounds "11"]
[EventCountry "ITA"]
[SourceTitle "CBM 169 Extra"]
[Source "ChessBase"]
[SourceDate "2015.12.18"]
[SourceVersion "1"]
[SourceVersionDate "2015.12.18"]
[SourceQuality "1"]

1. d4 Nf6 2. c4 g6 3. Nc3 d5 4. Nf3 Bg7 5. Qb3 dxc4 6. Qxc4 0-0 7. e4 c6 8. Qb3 Nbd7 9. a4 a5 10. Be2 Nb6 11. Qc2 Bg4 12. Be3 Rc8 13. Rd1 Bxf3 14. gxf3 Qc7 15. f4 e6 16. h4 h5 17. Rg1 Rfe8 18. Rc1 Qe7 19. Qd3 Nbd7 20. f5 exf5 21. exf5 Nf8 22. Kd2 Nd5 23. Nxd5 cxd5 24. Rxc8 Rxc8 25. Qb5 Qxh4 26. Qxb7 Qd8 27. Bg5 Qc7 28. Qxc7 Rxc7 29. Be3 Rb7 30. Kc2 Rb4 1/2-1/2

[Event "Wch Seniors 65 24th"]
[Site "Katerini"]
[Date "2014.11.02"]
[Round "9"]
[White "Chirinos Cabrera, Cleren Jesus"]
[Black "Zhelesny, Stanislav"]
[Result "0-1"]
[WhiteElo "2009"]
[BlackElo "2083"]
[PlyCount "56"]
[EventDate "2014.10.24"]
[EventType "swiss"]
[EventRounds "11"]
[EventCountry "GRE"]
[SourceTitle "EXT 2015"]
[Source "ChessBase"]
[SourceDate "2014.11.20"]
[SourceVersion "1"]
[SourceVersionDate "2014.11.20"]
[SourceQuality "1"]

1. Nf3 Nf6 2. d3 d5 3. c3 g6 4. Nbd2 Bg7 5. Qc2 0-0 6. e4 c5 7. Be2 Nc6 8. h3 e5 9. g4 b6 10. Nf1 Bb7 11. Ng3 c4 12. g5 cxd3 13. Bxd3 dxe4 14. Nxe4 Nd5 15. Qe2 Re8 16. h4 Rc8 17. Bd2 Nf4 18. Bxf4 exf4 19. 0-0 Qd7 20. Kh2 Rcd8 21. Bc2 Qg4 22. Rg1 Qh5 23. Rge1 Ne5 24. Nxe5 Qxh4+ 25. Kg1 Rxe5 26. Qc4 Rxg5+ 27. Kf1 Qh3+ 28. Ke2 f3+ 0-1

[Event "Wch Seniors 65 24th"]
[Site "Katerini"]
[Date "2014.10.29"]
[Round "6"]
[White "Zhelesny, Stanislav"]
[Black "Wahlbom, Magnus"]
[Result "1/2-1/2"]
[WhiteElo "2083"]
[BlackElo "2283"]
[PlyCount "37"]
[EventDate "2014.10.24"]
[EventType "swiss"]
[EventRounds "11"]
[EventCountry "GRE"]
[SourceTitle "EXT 2015"]
[Source "ChessBase"]
[SourceDate "2014.11.20"]
[SourceVersion "1"]
[SourceVersionDate "2014.11.20"]
[SourceQuality "1"]

1. Nf3 Nf6 2. g3 b6 3. Bg2 Bb7 4. d3 g6 5. 0-0 Bg7 6. c4 0-0 7. Bg5 d6 8. Qc1 Re8 9. Nc3 Nbd7 10. b4 c5 11. a3 Rc8 12. b5 Qc7 13. Bd2 e6 14. e4 d5 15. exd5 exd5 16. Bf4 Qd8 17. Ra2 Ba8 18. Re2 Rxe2 19. Nxe2 1/2-1/2

[Event "Wch Seniors 65 24th"]
[Site "Katerini"]
[Date "2014.10.27"]
[Round "4"]
[White "Malmdin, Nils Ake"]
[Black "Zhelesny, Stanislav"]
[Result "1/2-1/2"]
[WhiteElo "2208"]
[BlackElo "2083"]
[PlyCount "20"]
[EventDate "2014.10.24"]
[EventType "swiss"]
[EventRounds "11"]
[EventCountry "GRE"]
[SourceTitle "EXT 2015"]
[Source "ChessBase"]
[SourceDate "2014.11.20"]
[SourceVersion "1"]
[SourceVersionDate "2014.11.20"]
[SourceQuality "1"]

1. e4 c6 2. d4 d5 3. e5 Bf5 4. h4 h6 5. g4 Bd7 6. Nh3 e6 7. g5 Be7 8. c4 dxc4 9. Bxc4 hxg5 10. hxg5 g6 1/2-1/2

[Event "Wch Seniors 65 24th"]
[Site "Katerini"]
[Date "2014.10.25"]
[Round "2"]
[White "Malisov, Boris"]
[Black "Zhelesny, Stanislav"]
[Result "1/2-1/2"]
[WhiteElo "2250"]
[BlackElo "2083"]
[PlyCount "93"]
[EventDate "2014.10.24"]
[EventType "swiss"]
[EventRounds "11"]
[EventCountry "GRE"]
[SourceTitle "EXT 2015"]
[Source "ChessBase"]
[SourceDate "2014.11.20"]
[SourceVersion "1"]
[SourceVersionDate "2014.11.20"]
[SourceQuality "1"]

1. e4 c6 2. d3 g6 3. h4 h5 4. g3 Bg7 5. Bg2 d6 6. Nd2 Be6 7. Nh3 Bg4 8. f3 Bd7 9. Nc4 d5 10. Ne3 Qc7 11. Kf2 Nf6 12. Rb1 0-0 13. b3 Rd8 14. Qe2 e5 15. c4 d4 16. Nd1 a5 17. Kg1 Re8 18. Ndf2 Na6 19. Ng5 Nc5 20. Bh3 Nh7 21. Bxd7 Nxd7 22. Bd2 Ndf8 23. Rh2 f6 24. Nxh7 Kxh7 25. g4 Qf7 26. Kh1 Ne6 27. Rg1 Rg8 28. Nh3 Bh6 29. gxh5 gxh5 30. Rhg2 Bxd2 31. Qxd2 Rxg2 32. Rxg2 Rg8 33. Qxa5 Rxg2 34. Kxg2 Qg7+ 35. Kf2 Qh6 36. Qe1 Nc5 37. Qe2 Ne6 38. Kg2 Qc1 39. f4 exf4 40. Qxh5+ Kg7 41. Qg4+ Kf7 42. h5 Qd2+ 43. Nf2 Qe3 44. h6 f3+ 45. Kg3 Qxh6 46. Qxf3 Qg5+ 47. Qg4 1/2-1/2

[Event "EU-ch Seniors 65 Blitz"]
[Site "Porto"]
[Date "2014.03.21"]
[Round "4"]
[White "Alves, Fernando Pereira"]
[Black "Zhelesny, Stanislav"]
[Result "1/2-1/2"]
[WhiteElo "1802"]
[BlackElo "2138"]
[PlyCount "54"]
[EventDate "2014.03.21"]
[EventType "swiss (blitz)"]
[EventRounds "9"]
[EventCountry "POR"]
[SourceTitle "EXT 2015"]
[Source "ChessBase"]
[SourceDate "2014.11.20"]
[SourceVersion "1"]
[SourceVersionDate "2014.11.20"]
[SourceQuality "1"]

1. e4 c6 2. d4 d5 3. f3 e6 4. Nc3 Nd7 5. Bf4 Nb6 6. Bd3 Ne7 7. Nge2 Ng6 8. Bg3 Be7 9. 0-0 0-0 10. a3 Bd7 11. Qd2 c5 12. Kh1 cxd4 13. Nxd4 e5 14. Nb3 d4 15. Ne2 Be6 16. f4 Bxb3 17. cxb3 exf4 18. Nxf4 Bg5 19. Qe2 Ne5 20. Rad1 Bxf4 21. Bxf4 Ng6 22. Bg3 Qe7 23. Rc1 Rac8 24. Qd2 h6 25. h3 Qg5 26. Qxg5 hxg5 27. Kh2 Rfe8 1/2-1/2

[Event "EU-ch Seniors 65 Blitz"]
[Site "Porto"]
[Date "2014.03.21"]
[Round "3"]
[White "Zhelesny, Stanislav"]
[Black "Grinberg, Iosif P"]
[Result "1-0"]
[WhiteElo "2138"]
[BlackElo "2112"]
[PlyCount "151"]
[EventDate "2014.03.21"]
[EventType "swiss (blitz)"]
[EventRounds "9"]
[EventCountry "POR"]
[SourceTitle "EXT 2015"]
[Source "ChessBase"]
[SourceDate "2014.11.20"]
[SourceVersion "1"]
[SourceVersionDate "2014.11.20"]
[SourceQuality "1"]

1. d4 d5 2. Nf3 c6 3. g3 Nd7 4. Bg2 Ngf6 5. 0-0 g6 6. Nbd2 Bg7 7. c4 e6 8. cxd5 exd5 9. e4 dxe4 10. Ng5 0-0 11. Ngxe4 Nxe4 12. Nxe4 Nb6 13. Be3 Nd5 14. Bg5 Qb6 15. Nc3 Be6 16. Nxd5 Bxd5 17. Bxd5 cxd5 18. Be7 Rfe8 19. Bc5 Qf6 20. Qb3 b6 21. Ba3 Qxd4 22. Rad1 Qc4 23. Rxd5 Qxb3 24. axb3 Re2 25. Rd7 Bxb2 26. Bxb2 Rxb2 27. Rc1 Rxb3 28. Rcc7 Rf3 29. Kg2 Rf6 30. Rxa7 Rxa7 31. Rxa7 Re6 32. Kf3 Kg7 33. h4 Kf6 34. Rb7 h5 35. Kf4 Rc6 36. Ke4 Ke6 37. Kd4 f6 38. f3 Kf5 39. Ke3 Re6+ 40. Kf2 Ke5 41. Rd7 Rd6 42. Rg7 f5 43. Rb7 Kd4 44. Rc7 b5 45. Ke2 Rb6 46. Rd7+ Kc4 47. Kd2 Kb3 48. Rd3+ Kc4 49. Rc3+ Kb4 50. Kc2 Re6 51. Rd3 Ka4 52. g4 hxg4 53. fxg4 Rc6+ 54. Kb2 fxg4 55. Rd4+ Rc4 56. Rd6 Rf4 57. Ra6+ Kb4 58. Rxg6 Rf2+ 59. Kc1 Kc3 60. Rc6+ Kd3 61. Rg6 Rf4 62. h5 Ke4 63. h6 Kf5 64. h7 Rf1+ 65. Kc2 Rh1 66. Rg7 Kf4 67. Rf7+ Kg3 68. Kd3 Kg2 69. Ke2 g3 70. Ke3 b4 71. Kd4 Rh4+ 72. Kd3 Kh2 73. Ke2 b3 74. Rb7 Rxh7 75. Rxh7+ Kg1 76. Rb7 1-0

[Event "EU-ch Seniors 65 Rapid"]
[Site "Porto"]
[Date "2014.03.19"]
[Round "2"]
[White "Zhelesny, Stanislav"]
[Black "Khmiadashvili, Tamari"]
[Result "0-1"]
[WhiteElo "2171"]
[BlackElo "2026"]
[PlyCount "23"]
[EventDate "2014.03.19"]
[EventType "swiss (rapid)"]
[EventRounds "9"]
[EventCountry "POR"]
[SourceTitle "EXT 2015"]
[Source "ChessBase"]
[SourceDate "2014.11.20"]
[SourceVersion "1"]
[SourceVersionDate "2014.11.20"]
[SourceQuality "1"]

1. d4 d5 2. Nf3 c6 3. g3 Nf6 4. Bg2 g6 5. 0-0 Bg7 6. Nbd2 0-0 7. c4 e6 8. b3 Re8 9. Bb2 Nbd7 10. Re1 Ne4 11. Nxe4 dxe4 12. Nd2 0-1

[Event "EU-ch Seniors 65 14th"]
[Site "Porto"]
[Date "2014.03.17"]
[Round "9"]
[White "Scholz, Herbert"]
[Black "Zhelesny, Stanislav"]
[Result "0-1"]
[WhiteElo "1952"]
[BlackElo "2087"]
[PlyCount "50"]
[EventDate "2014.03.09"]
[EventType "swiss"]
[EventRounds "9"]
[EventCountry "POR"]
[SourceTitle "CBM 159 Extra"]
[Source "ChessBase"]
[SourceDate "2014.04.24"]
[SourceVersion "1"]
[SourceVersionDate "2014.04.24"]
[SourceQuality "1"]

1. d4 Nf6 2. Bg5 d5 3. e3 Nbd7 4. Nf3 Ne4 5. Bd3 Nxg5 6. Nxg5 e5 7. Nxh7 Bb4+ 8. c3 e4 9. Bxe4 dxe4 10. cxb4 Rxh7 11. Nc3 Nf6 12. Qc2 Qe7 13. 0-0-0 c6 14. b5 Bd7 15. bxc6 bxc6 16. d5 cxd5 17. Nxd5 Nxd5 18. Rxd5 Rc8 19. Qxc8+ Bxc8 20. h3 Rh6 21. Kb1 Rc6 22. Rh5 f6 23. Rd1 Ba6 24. Rh4 Bd3+ 25. Ka1 Qc7 0-1

[Event "EU-ch Seniors 65 14th"]
[Site "Porto"]
[Date "2014.03.16"]
[Round "8"]
[White "Zhelesny, Stanislav"]
[Black "Ciuro Munoz, Ricardo"]
[Result "0-1"]
[WhiteElo "2087"]
[BlackElo "2012"]
[PlyCount "116"]
[EventDate "2014.03.09"]
[EventType "swiss"]
[EventRounds "9"]
[EventCountry "POR"]
[SourceTitle "CBM 159 Extra"]
[Source "ChessBase"]
[SourceDate "2014.04.24"]
[SourceVersion "1"]
[SourceVersionDate "2014.04.24"]
[SourceQuality "1"]

1. d4 c5 2. Nf3 g6 3. g3 Bg7 4. Bg2 cxd4 5. Nxd4 Nc6 6. c3 Nf6 7. 0-0 0-0 8. Nd2 Nxd4 9. cxd4 d5 10. Qb3 e6 11. Nf3 Nd7 12. Bf4 Qb6 13. Rfd1 Qxb3 14. axb3 Nb6 15. Bd6 Re8 16. Rdc1 Bd7 17. Rc7 Bc6 18. Ne5 Bxe5 19. Bxe5 Rec8 20. e3 Rxc7 21. Bxc7 Nc8 22. Bf1 a6 23. g4 f6 24. f4 Na7 25. Rc1 Nb5 26. Bb6 Nd6 27. Bd3 Rc8 28. Kf2 Kf7 29. h4 Bb5 30. Rxc8 Nxc8 31. Bxb5 Nxb6 32. Bd3 Nc8 33. e4 Ne7 34. Ke3 h6 35. Be2 dxe4 36. Kxe4 f5+ 37. Ke3 Nd5+ 38. Kf3 fxg4+ 39. Kxg4 Ne3+ 40. Kh3 Kf6 41. Bf3 b6 42. Be4 Nd1 43. Kg3 Nxb2 44. d5 exd5 45. Bxd5 a5 46. Bc6 Nd3 47. Bb5 Nc1 48. Bc4 b5 49. Bxb5 Nxb3 50. Kf2 Nd4 51. Be8 h5 52. Kg3 Nf5+ 53. Kh3 Ng7 54. Ba4 Ne6 55. Kg3 Nc5 56. Bc2 a4 57. Kf3 a3 58. Bb1 Nd3 0-1

[Event "EU-ch Seniors 65 14th"]
[Site "Porto"]
[Date "2014.03.15"]
[Round "7"]
[White "Milnes, Anthony CP"]
[Black "Zhelesny, Stanislav"]
[Result "1/2-1/2"]
[WhiteElo "2064"]
[BlackElo "2087"]
[PlyCount "49"]
[EventDate "2014.03.09"]
[EventType "swiss"]
[EventRounds "9"]
[EventCountry "POR"]
[SourceTitle "CBM 159 Extra"]
[Source "ChessBase"]
[SourceDate "2014.04.24"]
[SourceVersion "1"]
[SourceVersionDate "2014.04.24"]
[SourceQuality "1"]

1. f4 Nf6 2. Nf3 d5 3. e3 g6 4. Be2 Bg7 5. 0-0 0-0 6. d3 c5 7. Nc3 Nc6 8. Ne5 e6 9. Nxc6 bxc6 10. e4 c4 11. e5 cxd3 12. cxd3 Nd7 13. d4 c5 14. Be3 c4 15. Qd2 Bb7 16. b3 Nb6 17. b4 Qd7 18. a4 a6 19. a5 Nc8 20. Na4 Bc6 21. Nc5 Qe7 22. Bd1 Bb5 23. Rf3 Na7 24. Rh3 f6 25. Bg4 1/2-1/2